| 000 | 00734nam a2200253 a 4500 | ||
|---|---|---|---|
| 005 | 20210219153121.0 | ||
| 008 | 991125n 000 0 u | ||
| 035 | _aUPN01000078989 | ||
| 100 | _aDick, Thomas P. | ||
| 222 | _aJOURNAL FOR RESEARCH IN MATHEMATICS EDUCATION | ||
| 245 | _aFactors and influences on high school students' career choices | ||
| 300 | _a281-292 | ||
| 362 | _a22, No. 4, 1991 | ||
| 505 | _aMayo 1992 | ||
| 653 | 0 | _aACTITUDES DEL ESTUDIANTE | |
| 653 | 0 | _aDIFERENCIAS SEXUALES | |
| 653 | 0 | _aINFLUENCIA DEL MAESTRO | |
| 653 | 0 | _aINFLUENCIA PATERNA | |
| 653 | 0 | _aINSPECCION ESCOLAR | |
| 653 | 0 | _aSELECCION PROFESIONAL | |
| 700 | _aRallis, Sharon F. | ||
| 904 |
_aAC _b016800 |
||
| 905 | _aArticulo | ||
| 999 |
_c68879 _d68879 |
||